| 000 | 00371nam a2200169Ia 4500 | ||
|---|---|---|---|
| 100 | _aBarve/S.B | ||
| 650 | _aMaterial technology | ||
| 942 | _cBK | ||
| 366 | _f10 | ||
| 654 | _amaterials | ||
| 245 | _aTextbook of Materials technology | ||
| 260 |
_bVipul prakashan _c2012 |
||
| 082 |
_a620.112 _bBAR |
||
| 300 | _a236 | ||
| 546 |
_aENGLISH _cInfo.Tech |
||
| 999 |
_c27838 _d27838 |
||